000 00185 a2200097 4500
020 _a9788434839892
041 _aspa
100 _aGallimard Jeunesse
245 _aLa Selva
942 _cREF
999 _c28110
_d28110